000 00374nam a22001697a 4500
999 _c10692
_d10692
003 OSt
008 210703b ||||| |||| 00| 0 eng d
020 _a9788131729656
082 _a621.8 BET
100 _aBEVAN,Thomas
245 _aTheory of Machines
250 _a3rd
260 _aNew Delhi
_bPearson
_c2020
300 _a621
650 _aDE
_93
942 _2ddc
_cBK
_01